Los 100 Mejores Cantantes Latinos - Estadísticas

Estadísticas generales
  • Esta prueba ha sido intentada 339 veces
  • La puntuación promedio es 11 de 100
Estadísticas de respuestas
Hint Respuesta % Correcto
67 Bad Bunny
83%
6 Daddy Yankee
51%
29 Maluma
46%
24 Don Omar
41%
61 J Balvin
41%
93 Rauw Alejandro
41%
1 Luis Miguel
36%
88 Ozuna
33%
2 Julio Iglesias
31%
12 Ricky Martin
27%
47 Luis Fonsi
26%
97 Luis Enrique
25%
5 Roberto Carlos
22%
79 Wisin
22%
77 Yandel
22%
99 Feid
20%
78 Nicky Jam
20%
33 Romeo Santos
20%
18 Alejandro Sanz
19%
59 Camilo
19%
11 Chayanne
19%
28 Vicente Fernandez
19%
8 Gilberto Santa Rosa
18%
19 David Bisbal
17%
3 Jose Jose
17%
32 Juanes
17%
7 Carlos Vives
16%
27 Marc Anthony
15%
21 Raphael
15%
38 Alejandro Fernandez
14%
10 Juan Gabriel
14%
9 Juan Luis Guerra
13%
100 Peso Pluma
13%
48 Gustavo Cerati
12%
58 Manuel Turizo
11%
41 Miguel Bose
11%
64 Pittbull
11%
34 Sebastian Yatra
11%
65 Joan Sebastian
8%
52 Leo Dan
8%
46 Pablo Alboran
8%
81 Paulo Londra
8%
23 Ricardo Montaner
8%
20 Camilo Sesto
7%
57 Prince Royce
7%
35 Ricardo Arjona
7%
55 Christian Nodal
6%
30 Cristian Castro
6%
84 Nino Bravo
6%
98 Chencho Corleone
5%
26 Jose Luis Perales
5%
50 Jose Luis Rodriguez
5%
42 Marco Antonio Solis
5%
72 Pedro Fernandez
5%
86 Diego Torres
4%
53 Oscar De Leon
4%
60 Pedro Infante
4%
96 Carin Leon
3%
25 Carlos Rivera
3%
56 Enrique Bunbury
3%
45 Joan Manuel Serrat
3%
49 Joaquin Sabina
3%
80 Pepe Aguilar
3%
31 Placido Domingo
3%
92 Sandro
3%
63 Willie Colon
3%
66 Antonio Aguilar
2%
37 Franco De Vita
2%
44 Hector Lavoe
2%
85 Javier Solis
2%
17 Jerry Rivera
2%
15 Manuel Mijares
2%
36 Vico C
2%
54 Dyango
1%
14 Emmanuel
1%
39 Eros Ramazotti
1%
43 Jose Carreras
1%
4 Jose Feliciano
1%
75 Julion Alvarez
1%
68 Kalimba
1%
94 Palito Ortega
1%
73 Roberto Jordan
1%
62 Tito El Bambino
1%
76 Alberto Vazquez
0%
74 Aleks Syntek
0%
40 Cesar Costa
0%
13 Diego Verdaguer
0%
95 Eden Muñoz
0%
22 Enrique Guzman
0%
16 Jon Secada
0%
89 Lasso
0%
91 Marco Antonio Muñiz
0%
82 Miguel Gallardo
0%
69 Miguel Mateos
0%
70 Napoleon
0%
71 Pablo Ruiz
0%
51 Pedro Vargas
0%
83 Rigo Tovar
0%
90 Valentin Elizalde
0%
87 Willy Chirino
0%
No se encontraron pruebas coincidentes
Distribución de puntuación
Porcentaje de gente con cada puntuación
Porcentaje por número respondido
Historial de tus puntuaciones
No has intentado esta prueba.